Tecnología y política económica en América Latina (Registro nro. 6666)
[ vista simple ]
| 000 -LEADER | |
|---|---|
| fixed length control field | 00961 a2200193 4500 |
| 001 - CONTROL NUMBER | |
| control field | 59386 |
| 005 - DATE AND TIME OF LATEST TRANSACTION | |
| control field | 20260407155848.0 |
| 008 - FIXED-LENGTH DATA ELEMENTS--GENERAL INFORMATION | |
| fixed length control field | 260407a1974 arg spa d |
| 003 - CONTROL NUMBER IDENTIFIER | |
| control field | AR-UNSa-BCEJYS |
| 040 ## - CATALOGING SOURCE | |
| Original cataloging agency | AR-UNSa-BCEJYS |
| Language of cataloging | spa |
| Transcribing agency | AR-UNSa-BCEJYS |
| 080 ## - UNIVERSAL DECIMAL CLASSIFICATION NUMBER | |
| Universal Decimal Classification number | 338.2(8) |
| Common auxiliary subdivision | Política económica. Control de la economía. gestión de la economía. planificación económica en América Latina |
| 100 1# - MAIN ENTRY--PERSONAL NAME | |
| Personal name | Ferrer, Aldo |
| 245 10 - TITLE STATEMENT | |
| Title | Tecnología y política económica en América Latina |
| 264 #1 - PRODUCTION, PUBLICATION, DISTRIBUTION, MANUFACTURE, AND COPYRIGHT NOTICE | |
| Place of production, publication, distribution, manufacture | Buenos Aires : |
| Name of producer, publisher, distributor, manufacturer | Paidós |
| Date of production, publication, distribution, manufacture, or copyright notice | 1974 |
| 300 ## - PHYSICAL DESCRIPTION | |
| Extent | 134 p. |
| Dimensions | 22 cm. |
| 505 ## - FORMATTED CONTENTS NOTE | |
| Formatted contents note | 1. La tecnología en las etapas del desarrollo lationoamericano - 2. Función de las industrias dinámicas - 3. Elementos para una estratégia de desarrollo científico-tecnológico - 4. Políticas de desarrollo científico-tecnológico - 5. Problemas de planificación y de organización del sistema científico-tecnológico |
| 590 ## - LOCAL NOTE (RLIN) | |
| Local note | niveau_biblio:m niveau_hierar:0 |
| 942 ## - ADDED ENTRY ELEMENTS (KOHA) | |
| Koha item type | |
| Withdrawn status | Lost status | Damaged status | Not for loan | Home library | Current library | Shelving location | Date acquired | Total checkouts | Full call number | Barcode | Date last seen | Price effective from | Koha item type |
|---|---|---|---|---|---|---|---|---|---|---|---|---|---|
| Biblioteca Prof. Eusebio Cleto del Rey | Biblioteca Prof. Eusebio Cleto del Rey | 07/04/2026 | 338.2(8) F382 | L53239 | 07/04/2026 | 07/04/2026 | Libro |